[Event "Deutsche Ländermeisterschaft 2022"]
[Site "Wiesbaden GER"]
[Date "2022.10.04"]
[Round "7"]
[White "Strübel, Katharina"]
[Black "Kutz, Ida Klara"]
[Result "1/2-1/2"]
[Termination "normal"]
[Board "3.8"]
[WhiteElo "1273"]
[BlackElo "1411"]
[WhiteClock "00:14:26"]
[BlackClock "00:21:39"]
[WhiteTeam "Niedersachsen"]
[BlackTeam "Schleswig-Holstein"]
[PlyCount "107"]
[WhiteFideId "16284879"]
[BlackFideId "16296257"]
[EventCountry "GER"]
[EventRounds "7"]
[EventType "team-swiss"]
[EventDate "2022.09.30"]

1. e4 {[%clk 1:30:57]} d6 {[%clk 1:30:22]} 2. d4 {[%clk 1:31:09]} Nf6 {[%clk
1:30:29]} 3. Nc3 {[%clk 1:31:23]} g6 {[%clk 1:30:37]} 4. Be3 {[%clk 1:31:39]}
a6 {[%clk 1:30:43]} 5. a4 {[%clk 1:31:53]} Nbd7 {[%clk 1:29:18]} 6. Qd2 {[%clk
1:31:07]} b6 {[%clk 1:28:08]} 7. f3 {[%clk 1:30:22]} Bb7 {[%clk 1:27:14]} 8.
Bc4 {[%clk 1:24:46]} e5 {[%clk 1:24:14]} 9. Bg5 {[%clk 1:14:29]} Qe7 {[%clk
1:18:03]} 10. d5 {[%clk 1:08:50]} Bg7 {[%clk 1:15:35]} 11. Nge2 {[%clk
1:06:54]} Nc5 {[%clk 1:13:58]} 12. Ba2 {[%clk 0:58:01]} Qd7 {[%clk 1:10:53]}
13. Bh6 {[%clk 0:45:57]} Bxh6 {[%clk 1:08:01]} 14. Qxh6 {[%clk 0:45:52]} O-O-O
{[%clk 1:05:00]} 15. a5 {[%clk 0:41:06]} b5 {[%clk 1:02:50]} 16. b4 {[%clk
0:39:11]} Na4 {[%clk 1:01:21]} 17. Nxa4 {[%clk 0:37:36]} bxa4 {[%clk 1:01:36]}
18. Bc4 {[%clk 0:36:15]} c6 {[%clk 0:57:37]} 19. Nc3 {[%clk 0:35:10]} cxd5
{[%clk 0:56:28]} 20. Bxd5 {[%clk 0:33:50]} Nxd5 {[%clk 0:55:17]} 21. Nxd5
{[%clk 0:33:56]} Bxd5 {[%clk 0:55:31]} 22. exd5 {[%clk 0:34:07]} Qb5 {[%clk
0:54:37]} 23. Qd2 {[%clk 0:33:06]} Kb8 {[%clk 0:52:50]} 24. Kf2 {[%clk
0:31:46]} Rc8 {[%clk 0:52:00]} 25. c3 {[%clk 0:30:26]} Rc4 {[%clk 0:48:59]} 26.
Qe3 {[%clk 0:26:54]} Rhc8 {[%clk 0:47:09]} 27. Rhc1 {[%clk 0:25:20]} f5 {[%clk
0:45:45]} 28. g3 {[%clk 0:23:16]} f4 {[%clk 0:41:37]} 29. gxf4 {[%clk 0:22:19]}
Rxf4 {[%clk 0:40:38]} 30. Qb6+ {[%clk 0:22:02]} Qxb6+ {[%clk 0:38:59]} 31. axb6
{[%clk 0:22:20]} Kb7 {[%clk 0:38:58]} 32. Rxa4 {[%clk 0:22:08]} Kxb6 {[%clk
0:38:50]} 33. Rca1 {[%clk 0:21:31]} Rxc3 {[%clk 0:38:16]} 34. Rxa6+ {[%clk
0:21:37]} Kb5 {[%clk 0:37:52]} 35. Rxd6 {[%clk 0:20:13]} e4 {[%clk 0:35:48]}
36. Re1 {[%clk 0:19:08]} Rfxf3+ {[%clk 0:35:01]} 37. Kg2 {[%clk 0:19:09]} Rc2+
{[%clk 0:34:26]} 38. Kg1 {[%clk 0:19:09]} Rd3 {[%clk 0:33:42]} 39. Re6 {[%clk
0:18:34]} Rxd5 {[%clk 0:32:56]} 40. R6xe4 {[%clk 0:18:27]} Rg5+ {[%clk
0:32:26]} 41. Kh1 {[%clk 0:18:29]} Rgg2 {[%clk 0:31:59]} 42. Rh4 {[%clk
0:18:29]} h5 {[%clk 0:30:59]} 43. Re5+ {[%clk 0:17:31]} Ka4 {[%clk 0:30:15]}
44. b5+ {[%clk 0:17:44]} Ka5 {[%clk 0:29:39]} 45. Rd5 {[%clk 0:16:29]} Rgd2
{[%clk 0:28:52]} 46. Rxd2 {[%clk 0:14:54]} Rxd2 {[%clk 0:29:11]} 47. Rh3 {[%clk
0:14:55]} Kxb5 {[%clk 0:29:02]} 48. Rg3 {[%clk 0:14:58]} Rd6 {[%clk 0:28:55]}
49. Kg2 {[%clk 0:14:43]} Kc6 {[%clk 0:27:50]} 50. Kh3 {[%clk 0:14:48]} Kd7
{[%clk 0:27:04]} 51. Kh4 {[%clk 0:14:53]} Ke7 {[%clk 0:25:30]} 52. Kg5 {[%clk
0:15:04]} Kf7 {[%clk 0:24:13]} 53. Kh6 {[%clk 0:15:20]} Rd2 {[%clk 0:21:39]}
54. h4 {[%clk 0:14:26]} 1/2-1/2

[Event "Deutsche Ländermeisterschaft 2022"]
[Site "Wiesbaden GER"]
[Date "2022.10.04"]
[Round "7"]
[White "Färber, David"]
[Black "Boder, Jan"]
[Result "1/2-1/2"]
[Termination "normal"]
[Board "4.1"]
[BlackTitle "FM"]
[WhiteElo "2354"]
[BlackElo "2341"]
[WhiteClock "01:02:09"]
[BlackClock "01:10:47"]
[WhiteTeam "Baden 2"]
[BlackTeam "Rheinland-Pfalz"]
[PlyCount "49"]
[WhiteFideId "12971294"]
[BlackFideId "16243226"]
[EventCountry "GER"]
[EventRounds "7"]
[EventType "team-swiss"]
[EventDate "2022.09.30"]

1. e4 {[%clk 1:30:58]} e5 {[%clk 1:30:53]} 2. Nf3 {[%clk 1:31:13]} Nc6 {[%clk
1:31:17]} 3. Bb5 {[%clk 1:31:36]} a6 {[%clk 1:31:42]} 4. Ba4 {[%clk 1:31:58]}
Nf6 {[%clk 1:32:03]} 5. O-O {[%clk 1:32:21]} Nxe4 {[%clk 1:32:24]} 6. d4 {[%clk
1:32:42]} b5 {[%clk 1:32:43]} 7. Bb3 {[%clk 1:33:03]} d5 {[%clk 1:33:10]} 8.
dxe5 {[%clk 1:33:23]} Be6 {[%clk 1:33:32]} 9. Nbd2 {[%clk 1:33:40]} Nc5 {[%clk
1:33:42]} 10. c3 {[%clk 1:33:55]} d4 {[%clk 1:33:46]} 11. Bxe6 {[%clk 1:33:33]}
Nxe6 {[%clk 1:34:05]} 12. cxd4 {[%clk 1:33:54]} Ncxd4 {[%clk 1:34:19]} 13. a4
{[%clk 1:33:43]} Bb4 {[%clk 1:32:56]} 14. axb5 {[%clk 1:33:56]} Nxb5 {[%clk
1:33:17]} 15. Qa4 {[%clk 1:31:31]} Bxd2 {[%clk 1:33:26]} 16. Bxd2 {[%clk
1:31:46]} O-O {[%clk 1:33:47]} 17. Be3 {[%clk 1:27:45]} c5 {[%clk 1:32:51]} 18.
Rfd1 {[%clk 1:23:44]} Qb6 {[%clk 1:30:35]} 19. h4 {[%clk 1:19:06]} Nbc7 {[%clk
1:27:26]} 20. Rd2 {[%clk 1:14:05]} Rfd8 {[%clk 1:18:02]} 21. Rad1 {[%clk
1:13:53]} Rxd2 {[%clk 1:17:41]} 22. Rxd2 {[%clk 1:14:09]} Qb4 {[%clk 1:17:44]}
23. Qc6 {[%clk 1:09:05]} Qb5 {[%clk 1:12:54]} 24. Qe4 {[%clk 1:04:31]} h6
{[%clk 1:10:47]} 25. Qc2 {[%clk 1:02:09]} 1/2-1/2

[Event "Deutsche Ländermeisterschaft 2022"]
[Site "Wiesbaden GER"]
[Date "2022.10.04"]
[Round "7"]
[White "Sidletskyi, Ivan"]
[Black "Koll, Linus"]
[Result "1/2-1/2"]
[Termination "normal"]
[Board "4.2"]
[WhiteElo "2184"]
[BlackElo "2060"]
[WhiteClock "00:27:33"]
[BlackClock "00:14:49"]
[WhiteTeam "Rheinland-Pfalz"]
[BlackTeam "Baden 2"]
[PlyCount "81"]
[WhiteFideId "14156024"]
[BlackFideId "12990299"]
[EventCountry "GER"]
[EventRounds "7"]
[EventType "team-swiss"]
[EventDate "2022.09.30"]

1. e4 {[%clk 1:29:37]} c5 {[%clk 1:30:57]} 2. Nf3 {[%clk 1:29:47]} d6 {[%clk
1:31:23]} 3. d4 {[%clk 1:29:41]} cxd4 {[%clk 1:31:48]} 4. Nxd4 {[%clk 1:29:56]}
Nf6 {[%clk 1:32:14]} 5. Nc3 {[%clk 1:29:33]} g6 {[%clk 1:32:40]} 6. Be3 {[%clk
1:29:29]} Bg7 {[%clk 1:33:04]} 7. f3 {[%clk 1:29:02]} O-O {[%clk 1:33:28]} 8.
Qd2 {[%clk 1:29:00]} Nc6 {[%clk 1:33:52]} 9. g4 {[%clk 1:28:49]} Be6 {[%clk
1:34:14]} 10. Nxe6 {[%clk 1:27:46]} fxe6 {[%clk 1:34:39]} 11. O-O-O {[%clk
1:26:37]} Ne5 {[%clk 1:34:54]} 12. Be2 {[%clk 1:26:37]} Qc8 {[%clk 1:35:19]}
13. h4 {[%clk 1:26:05]} Nc4 {[%clk 1:34:01]} 14. Bxc4 {[%clk 1:22:27]} Qxc4
{[%clk 1:34:27]} 15. h5 {[%clk 1:15:50]} gxh5 {[%clk 1:33:28]} 16. gxh5 {[%clk
0:57:24]} b5 {[%clk 1:33:00]} 17. h6 {[%clk 0:46:16]} Bh8 {[%clk 1:33:15]} 18.
Qd3 {[%clk 0:44:17]} Qxd3 {[%clk 1:28:15]} 19. cxd3 {[%clk 0:44:01]} a6 {[%clk
1:23:36]} 20. d4 {[%clk 0:40:08]} e5 {[%clk 0:57:27]} 21. dxe5 {[%clk 0:32:38]}
dxe5 {[%clk 0:57:51]} 22. Ne2 {[%clk 0:28:49]} Kf7 {[%clk 0:57:03]} 23. Ng1
{[%clk 0:25:46]} Rac8+ {[%clk 0:53:52]} 24. Kb1 {[%clk 0:26:07]} Ne8 {[%clk
0:53:30]} 25. Nh3 {[%clk 0:22:45]} Bf6 {[%clk 0:52:52]} 26. Nf2 {[%clk
0:20:22]} Nd6 {[%clk 0:50:49]} 27. Ng4 {[%clk 0:15:32]} Ke6 {[%clk 0:48:41]}
28. Rh5 {[%clk 0:11:36]} Nc4 {[%clk 0:43:27]} 29. Bc1 {[%clk 0:11:13]} Rfd8
{[%clk 0:42:16]} 30. Rhh1 {[%clk 0:10:07]} Rxd1 {[%clk 0:34:28]} 31. Rxd1
{[%clk 0:10:29]} Nd6 {[%clk 0:30:16]} 32. Nf2 {[%clk 0:06:32]} Rg8 {[%clk
0:26:55]} 33. Nd3 {[%clk 0:06:56]} Rg3 {[%clk 0:24:07]} 34. Nc5+ {[%clk
0:06:31]} Kf7 {[%clk 0:24:30]} 35. Rf1 {[%clk 0:04:35]} Bg5 {[%clk 0:22:30]}
36. f4 {[%clk 0:03:59]} Bxf4 {[%clk 0:21:49]} 37. Bxf4 {[%clk 0:04:00]} exf4
{[%clk 0:22:11]} 38. Rxf4+ {[%clk 0:04:07]} Kg6 {[%clk 0:22:14]} 39. e5 {[%clk
0:03:19]} Nf5 {[%clk 0:18:00]} 40. Nxa6 {[%clk 0:00:41]} Nxh6 {[%clk 0:14:49]}
41. Nc7 {[%clk 0:27:33]} 1/2-1/2

[Event "Deutsche Ländermeisterschaft 2022"]
[Site "Wiesbaden GER"]
[Date "2022.10.04"]
[Round "7"]
[White "Hecht, Jonas Christian"]
[Black "Hinrichs, Paul"]
[Result "1/2-1/2"]
[Termination "normal"]
[Board "4.3"]
[WhiteElo "1852"]
[BlackElo "2172"]
[WhiteClock "00:10:38"]
[BlackClock "00:36:16"]
[WhiteTeam "Baden 2"]
[BlackTeam "Rheinland-Pfalz"]
[PlyCount "73"]
[WhiteFideId "16214846"]
[BlackFideId "12942545"]
[EventCountry "GER"]
[EventRounds "7"]
[EventType "team-swiss"]
[EventDate "2022.09.30"]

1. e4 {[%clk 1:30:58]} e5 {[%clk 1:30:52]} 2. Nf3 {[%clk 1:31:25]} Nc6 {[%clk
1:31:12]} 3. d4 {[%clk 1:31:52]} exd4 {[%clk 1:30:59]} 4. Nxd4 {[%clk 1:32:17]}
Nf6 {[%clk 1:30:50]} 5. Nxc6 {[%clk 1:32:42]} bxc6 {[%clk 1:31:14]} 6. e5
{[%clk 1:33:09]} Qe7 {[%clk 1:31:15]} 7. Qe2 {[%clk 1:33:34]} Nd5 {[%clk
1:31:37]} 8. c4 {[%clk 1:34:01]} Nb6 {[%clk 1:31:37]} 9. Nc3 {[%clk 1:34:27]}
Qe6 {[%clk 1:31:59]} 10. Qe4 {[%clk 1:34:53]} d5 {[%clk 1:30:45]} 11. exd6
{[%clk 1:35:04]} Qxe4+ {[%clk 1:31:10]} 12. Nxe4 {[%clk 1:35:30]} cxd6 {[%clk
1:31:38]} 13. Bf4 {[%clk 1:33:57]} d5 {[%clk 1:23:56]} 14. cxd5 {[%clk
1:25:48]} Nxd5 {[%clk 1:22:53]} 15. Bd2 {[%clk 0:59:07]} Rb8 {[%clk 1:17:31]}
16. O-O-O {[%clk 0:55:13]} Be7 {[%clk 1:17:10]} 17. Nc3 {[%clk 0:52:38]} Bf6
{[%clk 1:15:35]} 18. Bc4 {[%clk 0:44:46]} O-O {[%clk 1:15:32]} 19. Bb3 {[%clk
0:42:39]} Bf5 {[%clk 1:12:31]} 20. f3 {[%clk 0:40:08]} g6 {[%clk 0:47:06]} 21.
g4 {[%clk 0:29:00]} Bc8 {[%clk 0:46:56]} 22. Nxd5 {[%clk 0:26:43]} cxd5 {[%clk
0:47:03]} 23. Bc3 {[%clk 0:24:48]} d4 {[%clk 0:40:38]} 24. Bxd4 {[%clk
0:24:23]} Bg5+ {[%clk 0:40:57]} 25. Kb1 {[%clk 0:24:15]} Bb7 {[%clk 0:41:20]}
26. Rhf1 {[%clk 0:21:56]} Bf4 {[%clk 0:38:41]} 27. Bc5 {[%clk 0:16:37]} Rfd8
{[%clk 0:38:35]} 28. Bxa7 {[%clk 0:15:41]} Rxd1+ {[%clk 0:36:25]} 29. Rxd1
{[%clk 0:15:29]} Rc8 {[%clk 0:36:44]} 30. a3 {[%clk 0:15:22]} Bxf3 {[%clk
0:35:48]} 31. Rd7 {[%clk 0:14:55]} Rc7 {[%clk 0:35:42]} 32. Bxf7+ {[%clk
0:12:59]} Kf8 {[%clk 0:35:37]} 33. Be6 {[%clk 0:12:18]} Rxd7 {[%clk 0:35:08]}
34. Bxd7 {[%clk 0:12:35]} Ke7 {[%clk 0:35:34]} 35. Bc8 {[%clk 0:11:28]} Kd8
{[%clk 0:35:50]} 36. Be6 {[%clk 0:11:33]} Ke7 {[%clk 0:36:16]} 37. Bc8 {[%clk
0:10:38]} 1/2-1/2

[Event "Deutsche Ländermeisterschaft 2022"]
[Site "Wiesbaden GER"]
[Date "2022.10.04"]
[Round "7"]
[White "Mader, Fabian"]
[Black "Fischer, Darja"]
[Result "1/2-1/2"]
[Termination "normal"]
[Board "4.4"]
[WhiteElo "1735"]
[BlackElo "1738"]
[WhiteClock "00:04:03"]
[BlackClock "00:08:21"]
[WhiteTeam "Rheinland-Pfalz"]
[BlackTeam "Baden 2"]
[PlyCount "63"]
[WhiteFideId "16265866"]
[BlackFideId "16240898"]
[EventCountry "GER"]
[EventRounds "7"]
[EventType "team-swiss"]
[EventDate "2022.09.30"]

1. e4 {[%clk 1:30:57]} c6 {[%clk 1:30:51]} 2. Nc3 {[%clk 1:31:21]} d5 {[%clk
1:31:07]} 3. Nf3 {[%clk 1:31:40]} Bg4 {[%clk 1:31:30]} 4. h3 {[%clk 1:32:00]}
Bxf3 {[%clk 1:31:56]} 5. Qxf3 {[%clk 1:32:25]} e6 {[%clk 1:32:12]} 6. d4 {[%clk
1:32:23]} Nf6 {[%clk 1:32:08]} 7. Bg5 {[%clk 1:30:38]} Be7 {[%clk 1:31:58]} 8.
exd5 {[%clk 1:23:42]} Nxd5 {[%clk 1:25:24]} 9. Bxe7 {[%clk 1:22:03]} Nxe7
{[%clk 1:24:11]} 10. O-O-O {[%clk 1:16:51]} Nd7 {[%clk 1:16:21]} 11. Ne4 {[%clk
1:05:13]} Qc7 {[%clk 1:08:45]} 12. Bd3 {[%clk 0:46:52]} Nd5 {[%clk 0:59:34]}
13. Rhe1 {[%clk 0:35:20]} N7f6 {[%clk 0:55:20]} 14. Nxf6+ {[%clk 0:31:44]} Nxf6
{[%clk 0:54:50]} 15. c3 {[%clk 0:25:49]} O-O-O {[%clk 0:49:37]} 16. Bc2 {[%clk
0:25:18]} Rd7 {[%clk 0:39:17]} 17. Re5 {[%clk 0:24:37]} Rhd8 {[%clk 0:36:08]}
18. Qg3 {[%clk 0:23:53]} Ne8 {[%clk 0:29:17]} 19. Rde1 {[%clk 0:20:22]} Rd5
{[%clk 0:26:02]} 20. Bb3 {[%clk 0:13:54]} Rxe5 {[%clk 0:23:53]} 21. Rxe5 {[%clk
0:14:17]} g6 {[%clk 0:20:37]} 22. Qh4 {[%clk 0:12:32]} h5 {[%clk 0:20:38]} 23.
g4 {[%clk 0:10:41]} hxg4 {[%clk 0:20:15]} 24. hxg4 {[%clk 0:11:04]} Qd7 {[%clk
0:18:32]} 25. f4 {[%clk 0:10:34]} Nc7 {[%clk 0:14:49]} 26. Qe1 {[%clk 0:07:44]}
Re8 {[%clk 0:11:54]} 27. a4 {[%clk 0:06:28]} Qe7 {[%clk 0:09:28]} 28. Kb1
{[%clk 0:05:55]} Qf6 {[%clk 0:09:13]} 29. Qg3 {[%clk 0:04:33]} Kd7 {[%clk
0:08:17]} 30. g5 {[%clk 0:04:14]} Qg7 {[%clk 0:08:21]} 31. Qe3 {[%clk 0:04:03]}
Qf8 32. c4 1/2-1/2

[Event "Deutsche Ländermeisterschaft 2022"]
[Site "Wiesbaden GER"]
[Date "2022.10.04"]
[Round "7"]
[White "Henninger, Claire"]
[Black "Yue, Qizhou"]
[Result "0-1"]
[Termination "normal"]
[Board "4.5"]
[WhiteElo "1526"]
[BlackElo "1711"]
[WhiteClock "00:00:37"]
[BlackClock "00:06:51"]
[WhiteTeam "Baden 2"]
[BlackTeam "Rheinland-Pfalz"]
[PlyCount "102"]
[WhiteFideId "16200659"]
[BlackFideId "16273800"]
[EventCountry "GER"]
[EventRounds "7"]
[EventType "team-swiss"]
[EventDate "2022.09.30"]

1. e4 {[%clk 1:30:59]} d5 {[%clk 1:30:54]} 2. exd5 {[%clk 1:31:22]} Qxd5 {[%clk
1:31:18]} 3. Nc3 {[%clk 1:31:47]} Qd6 {[%clk 1:31:41]} 4. d4 {[%clk 1:31:59]}
Nf6 {[%clk 1:32:03]} 5. Nf3 {[%clk 1:30:53]} a6 {[%clk 1:32:12]} 6. g3 {[%clk
1:30:07]} Bf5 {[%clk 1:28:07]} 7. Bg2 {[%clk 1:25:57]} c6 {[%clk 1:26:12]} 8.
O-O {[%clk 1:23:07]} e6 {[%clk 1:24:52]} 9. Bf4 {[%clk 1:20:23]} Qd8 {[%clk
1:24:15]} 10. a3 {[%clk 1:17:08]} Be7 {[%clk 1:23:37]} 11. Re1 {[%clk 1:15:49]}
O-O {[%clk 1:23:27]} 12. Ne5 {[%clk 1:13:54]} Nd5 {[%clk 1:20:44]} 13. Nxd5
{[%clk 1:13:25]} cxd5 {[%clk 1:20:30]} 14. Qd2 {[%clk 0:59:53]} Nd7 {[%clk
1:18:26]} 15. c4 {[%clk 0:56:56]} Nxe5 {[%clk 1:15:23]} 16. dxe5 {[%clk
0:54:46]} d4 {[%clk 0:55:40]} 17. Qc1 {[%clk 0:47:54]} Qd7 {[%clk 0:48:32]} 18.
Rd1 {[%clk 0:46:04]} f6 {[%clk 0:46:06]} 19. b3 {[%clk 0:39:44]} Rfd8 {[%clk
0:36:32]} 20. Qb2 {[%clk 0:37:18]} g5 {[%clk 0:32:08]} 21. exf6 {[%clk
0:36:14]} Bxf6 {[%clk 0:32:12]} 22. Bd2 {[%clk 0:35:34]} Qg7 {[%clk 0:27:56]}
23. Rac1 {[%clk 0:34:26]} Bg4 {[%clk 0:24:28]} 24. f3 {[%clk 0:32:36]} Bf5
{[%clk 0:24:32]} 25. Ba5 {[%clk 0:29:44]} Rd7 {[%clk 0:23:42]} 26. Kh1 {[%clk
0:28:25]} d3 {[%clk 0:22:37]} 27. Bc3 {[%clk 0:26:25]} Bxc3 {[%clk 0:22:54]}
28. Rxc3 {[%clk 0:24:10]} Qe5 {[%clk 0:12:49]} 29. Qd2 {[%clk 0:22:12]} Kh8
{[%clk 0:12:10]} 30. Re1 {[%clk 0:18:18]} Qf6 {[%clk 0:11:38]} 31. Re3 {[%clk
0:17:38]} Rad8 {[%clk 0:11:06]} 32. Bf1 {[%clk 0:16:57]} g4 {[%clk 0:08:54]}
33. f4 {[%clk 0:10:48]} Qd4 {[%clk 0:08:52]} 34. Re5 {[%clk 0:09:44]} Kg8
{[%clk 0:07:53]} 35. Re1 {[%clk 0:05:02]} Be4+ {[%clk 0:06:22]} 36. Bg2 {[%clk
0:04:30]} Bf3 {[%clk 0:05:09]} 37. Bxf3 {[%clk 0:02:57]} gxf3 {[%clk 0:05:34]}
38. Re5 {[%clk 0:01:38]} h6 {[%clk 0:03:50]} 39. Rc1 {[%clk 0:01:11]} Qb6
{[%clk 0:02:09]} 40. b4 {[%clk 0:01:02]} Qc6 {[%clk 0:01:21]} 41. Kg1 {[%clk
0:22:14]} Rd4 {[%clk 0:28:41]} 42. b5 {[%clk 0:20:17]} axb5 {[%clk 0:28:52]}
43. cxb5 {[%clk 0:20:00]} Qd6 {[%clk 0:16:19]} 44. Kf2 {[%clk 0:17:39]} Rd5
{[%clk 0:15:51]} 45. Re3 {[%clk 0:10:47]} Rxb5 {[%clk 0:15:20]} 46. Kxf3 {[%clk
0:08:08]} Qd5+ {[%clk 0:14:23]} 47. Re4 {[%clk 0:06:05]} Ra5 {[%clk 0:09:05]}
48. Ra1 {[%clk 0:01:00]} Ra4 {[%clk 0:07:47]} 49. Rae1 {[%clk 0:01:18]} Rc8
{[%clk 0:06:40]} 50. Qd1 {[%clk 0:00:43]} Rcc4 {[%clk 0:06:30]} 51. Qxa4 {[%clk
0:00:37]} Rxa4 {[%clk 0:06:51]} 0-1

[Event "Deutsche Ländermeisterschaft 2022"]
[Site "Wiesbaden GER"]
[Date "2022.10.04"]
[Round "7"]
[White "Vranckx, Oscar"]
[Black "Meng, Yuxuan"]
[Result "0-1"]
[Termination "normal"]
[Board "4.6"]
[WhiteElo "1583"]
[BlackElo "1472"]
[WhiteClock "01:33:35"]
[BlackClock "00:38:15"]
[WhiteTeam "Rheinland-Pfalz"]
[BlackTeam "Baden 2"]
[PlyCount "69"]
[WhiteFideId "34608788"]
[BlackFideId "16258231"]
[EventCountry "GER"]
[EventRounds "7"]
[EventType "team-swiss"]
[EventDate "2022.09.30"]

1. e4 {[%clk 1:30:56]} c5 {[%clk 1:30:56]} 2. Nf3 {[%clk 1:31:18]} e6 {[%clk
1:31:20]} 3. d4 {[%clk 1:31:42]} cxd4 {[%clk 1:31:44]} 4. Nxd4 {[%clk 1:32:03]}
a6 {[%clk 1:32:10]} 5. Nc3 {[%clk 1:32:05]} Qc7 {[%clk 1:32:32]} 6. Be2 {[%clk
1:32:17]} b5 {[%clk 1:32:54]} 7. Bf3 {[%clk 1:32:30]} Bb7 {[%clk 1:32:20]} 8.
O-O {[%clk 1:32:52]} Nc6 {[%clk 1:31:43]} 9. Re1 {[%clk 1:32:53]} Bd6 {[%clk
1:21:57]} 10. g3 {[%clk 1:32:27]} Nf6 {[%clk 1:20:34]} 11. Ndxb5 {[%clk
1:32:47]} axb5 {[%clk 1:16:59]} 12. Nxb5 {[%clk 1:33:12]} Qb8 {[%clk 1:13:39]}
13. Qxd6 {[%clk 1:33:12]} Kd8 {[%clk 1:12:06]} 14. Bf4 {[%clk 1:32:25]} e5
{[%clk 1:11:20]} 15. Bg5 {[%clk 1:32:34]} Qxd6 {[%clk 1:07:49]} 16. Nxd6 {[%clk
1:33:00]} Kc7 {[%clk 1:07:43]} 17. Nf5 {[%clk 1:33:11]} Rhg8 {[%clk 1:03:54]}
18. Ne3 {[%clk 1:33:09]} Nd4 {[%clk 1:03:16]} 19. Bg2 {[%clk 1:33:06]} Nxe4
{[%clk 1:00:21]} 20. Nd5+ {[%clk 1:33:14]} Bxd5 {[%clk 1:00:21]} 21. Bxe4
{[%clk 1:33:29]} Bxe4 {[%clk 1:00:39]} 22. Rxe4 {[%clk 1:33:56]} Nf3+ {[%clk
1:01:00]} 23. Kg2 {[%clk 1:34:20]} Nxg5 {[%clk 1:01:13]} 24. Rxe5 {[%clk
1:34:47]} Ne6 {[%clk 1:00:49]} 25. a4 {[%clk 1:34:59]} Rgb8 {[%clk 0:59:45]}
26. b3 {[%clk 1:35:11]} Kd6 {[%clk 0:55:07]} 27. Rh5 {[%clk 1:35:13]} h6 {[%clk
0:54:26]} 28. Rd1+ {[%clk 1:35:40]} Ke7 {[%clk 0:48:21]} 29. Rhd5 {[%clk
1:35:56]} Rb7 {[%clk 0:46:51]} 30. Kf3 {[%clk 1:36:04]} Rc8 {[%clk 0:45:22]}
31. R1d2 {[%clk 1:36:07]} Rc5 {[%clk 0:41:25]} 32. R5d3 {[%clk 1:34:57]} Rbc7
{[%clk 0:40:43]} 33. c4 {[%clk 1:35:19]} Rb7 {[%clk 0:38:58]} 34. Rb2 {[%clk
1:34:16]} Rxc4 {[%clk 0:38:15]} 35. Rbd2 {[%clk 1:33:35]} 0-1

[Event "Deutsche Ländermeisterschaft 2022"]
[Site "Wiesbaden GER"]
[Date "2022.10.04"]
[Round "7"]
[White "Hoffmann, Sophia"]
[Black "Keymer, Cecilia"]
[Result "0-1"]
[Termination "normal"]
[Board "4.7"]
[WhiteElo "1258"]
[BlackElo "1696"]
[WhiteClock "00:00:32"]
[BlackClock "00:02:11"]
[WhiteTeam "Baden 2"]
[BlackTeam "Rheinland-Pfalz"]
[PlyCount "128"]
[WhiteFideId "16259130"]
[BlackFideId "16233468"]
[EventCountry "GER"]
[EventRounds "7"]
[EventType "team-swiss"]
[EventDate "2022.09.30"]

1. d4 {[%clk 1:30:57]} d5 {[%clk 1:30:55]} 2. Bf4 {[%clk 1:31:23]} c5 {[%clk
1:31:20]} 3. c4 {[%clk 1:31:49]} Nf6 {[%clk 1:25:41]} 4. Nf3 {[%clk 1:31:34]}
dxc4 {[%clk 1:20:35]} 5. e3 {[%clk 1:29:57]} e6 {[%clk 1:15:30]} 6. Bxc4 {[%clk
1:28:39]} a6 {[%clk 1:12:14]} 7. Nc3 {[%clk 1:25:19]} b5 {[%clk 1:08:34]} 8.
Bb3 {[%clk 1:23:10]} Bb7 {[%clk 1:07:17]} 9. O-O {[%clk 1:18:56]} Nbd7 {[%clk
0:59:15]} 10. d5 {[%clk 1:14:51]} exd5 {[%clk 0:53:41]} 11. Nxd5 {[%clk
1:13:23]} Rc8 {[%clk 0:50:59]} 12. Re1 {[%clk 1:01:19]} c4 {[%clk 0:48:54]} 13.
Nxf6+ {[%clk 1:01:05]} Qxf6 {[%clk 0:46:20]} 14. Bc2 {[%clk 1:00:05]} Bb4
{[%clk 0:44:39]} 15. Rf1 {[%clk 0:55:58]} Qc6 {[%clk 0:38:58]} 16. Qd4 {[%clk
0:50:47]} O-O {[%clk 0:35:34]} 17. Bf5 {[%clk 0:46:55]} Rcd8 {[%clk 0:31:52]}
18. Rad1 {[%clk 0:45:50]} Bc8 {[%clk 0:16:41]} 19. Ne5 {[%clk 0:40:59]} Nxe5
{[%clk 0:15:19]} 20. Qxd8 {[%clk 0:39:14]} Bxf5 {[%clk 0:14:56]} 21. Bxe5
{[%clk 0:34:49]} f6 {[%clk 0:11:25]} 22. Qc7 {[%clk 0:32:05]} Qxc7 {[%clk
0:09:56]} 23. Bxc7 {[%clk 0:30:29]} Bd3 {[%clk 0:10:15]} 24. Rxd3 {[%clk
0:29:10]} cxd3 {[%clk 0:10:38]} 25. Rd1 {[%clk 0:29:17]} Rc8 {[%clk 0:09:52]}
26. Bb6 {[%clk 0:27:07]} d2 {[%clk 0:06:45]} 27. Kf1 {[%clk 0:26:20]} Rc2
{[%clk 0:05:54]} 28. Bd4 {[%clk 0:25:29]} Ba5 {[%clk 0:04:28]} 29. Ke2 {[%clk
0:23:03]} Kf7 {[%clk 0:03:31]} 30. a3 {[%clk 0:21:47]} b4 {[%clk 0:02:22]} 31.
Rxd2 {[%clk 0:17:27]} Rxd2+ {[%clk 0:01:38]} 32. Kxd2 {[%clk 0:17:50]} bxa3+
{[%clk 0:01:56]} 33. Kc2 {[%clk 0:17:47]} axb2 {[%clk 0:02:01]} 34. Kxb2 {[%clk
0:17:49]} Ke6 {[%clk 0:02:11]} 35. Kb3 {[%clk 0:15:51]} Kd5 {[%clk 0:02:15]}
36. f3 {[%clk 0:14:51]} Bc7 {[%clk 0:01:27]} 37. g3 {[%clk 0:11:06]} Be5 {[%clk
0:00:48]} 38. Bb6 {[%clk 0:07:25]} Kc6 {[%clk 0:00:54]} 39. Ba5 {[%clk
0:05:10]} Kb5 {[%clk 0:01:01]} 40. Bb4 {[%clk 0:03:53]} Bc7 {[%clk 0:00:51]}
41. Bf8 {[%clk 0:01:42]} g6 {[%clk 0:29:42]} 42. Bg7 {[%clk 0:31:10]} Bd8
{[%clk 0:27:37]} 43. Bf8 {[%clk 0:29:22]} Bb6 {[%clk 0:21:33]} 44. e4 {[%clk
0:27:28]} Bd4 {[%clk 0:19:29]} 45. Be7 {[%clk 0:26:15]} Be5 {[%clk 0:10:41]}
46. Bf8 {[%clk 0:22:25]} a5 {[%clk 0:06:18]} 47. f4 {[%clk 0:14:59]} Bd4 {[%clk
0:04:54]} 48. Bg7 {[%clk 0:13:57]} a4+ {[%clk 0:02:22]} 49. Ka3 {[%clk
0:12:28]} Bc5+ {[%clk 0:02:20]} 50. Ka2 {[%clk 0:12:03]} Be7 {[%clk 0:02:29]}
51. e5 {[%clk 0:11:14]} fxe5 {[%clk 0:02:31]} 52. fxe5 {[%clk 0:11:14]} Kc6
{[%clk 0:02:16]} 53. Kb2 {[%clk 0:05:54]} Kd5 {[%clk 0:01:56]} 54. Ka2 {[%clk
0:05:01]} Bc5 {[%clk 0:02:02]} 55. Kb1 {[%clk 0:03:48]} Ke6 {[%clk 0:02:08]}
56. Ka2 {[%clk 0:03:03]} Bd4 {[%clk 0:01:52]} 57. Ka3 {[%clk 0:02:32]} Bxe5
{[%clk 0:01:59]} 58. Bh6 {[%clk 0:02:24]} Kf5 {[%clk 0:01:52]} 59. Kxa4 {[%clk
0:01:41]} Kg4 {[%clk 0:02:01]} 60. Kb5 {[%clk 0:01:33]} Kh3 {[%clk 0:02:11]}
61. Kc6 {[%clk 0:01:13]} Kxh2 {[%clk 0:02:16]} 62. g4 {[%clk 0:01:11]} Kg3
{[%clk 0:02:06]} 63. g5 {[%clk 0:01:07]} Kg4 {[%clk 0:01:59]} 64. Kd5 {[%clk
0:00:32]} Bf4 {[%clk 0:02:11]} 0-1